00593 2200217 4500001002100000005001700021008004100038020002200079035002500101040001200126082000800138084001800146100002400164245006800188250001000256260002900266300003100295650001200326700002500338850001200363INLIS00000000000523720150511104517.0  a978-602-7969-29-5 a0010-051500000000370 aYOPDYOG a920 aDEP 920 And B aANDI SETIADI, 1986- aBung Karno marah!c/ Andi Setiadi ; editor Kaka Alvian Nasution aCet.1 aYogyakartabPalapac2014 a186 hlm.b: ilus.c; 20 cm aSukarno aKaka Alvian Nasution aYOPDYOG